Manual de Patología / (Registro nro. 688)
[ vista simple ]
| 000 -CABECERA | |
|---|---|
| Campo de control | 00744nam a2200217 a 4500 |
| 005 - FECHA Y HORA DE LA ULTIMA TRANSACCION | |
| Campo de control | 20160418104946.0 |
| 008 - ELEMENTOS DE LONGITUD FIJA—INFORMACION GENERAL | |
| Campo de control | 140221b1993 ck a fr|||| 00| 0 spa d |
| 040 ## - FUENTE DE CATALOGACIÓN | |
| Agencia catalogadora original | CO-BoIAVH |
| Agencia transcriptora | CO-BoIAVH |
| 041 0# - IDIOMA | |
| Código de idioma para texto/pista de sonido o título separado | Español |
| 044 ## - PAÍS DE PUBLICACIÓN | |
| País de publicación | Colombia |
| 082 04 - NUMERO DE CLASIFICACION DECIMAL DEWEY | |
| Número de clasificación | 634.96 |
| Número del ítem | R17m |
| 100 1# - ASIENTO PRINCIPAL--NOMBRE PERSONAL | |
| Nombre personal | Ramírez Correa, Luis Alberto |
| 9 (RLIN) | 7666 |
| 245 10 - MENCION DE TITULO | |
| Título | Manual de Patología / |
| Mención de responsabilidad | Luis Alberto Ramírez Correa |
| 260 ## - PUBLICACION, DISTRIBUCION, ETC. (PIE DE IMPRENTA) | |
| Lugar de publicación, distribución, etc. | Bogotá : |
| Nombre del editor, distribuidor, etc. | INDERENA, |
| Fecha de publicación, distribución, etc. | 1993. |
| 300 ## - DESCRIPCION FISICA | |
| Extensión | 106 páginas : |
| Otros detalles físicos | ilustraciones ; |
| Dimensiones | 24 x 17 centímetros |
| 504 ## - NOTA DE BIBLIOGRAFIA, ETC. | |
| Nota de bibliografía | Incluye referencias bibliográficas. |
| 650 16 - ASIENTO SECUNDARIO DE MATERIA - TERMINO TEMATICO | |
| Término temático o nombre geográfico como elemento de entrada | Patología forestal |
| Subdivisión de forma | Guías, manuales, etc. |
| 9 (RLIN) | 65593 |
| 650 26 - ASIENTO SECUNDARIO DE MATERIA - TERMINO TEMATICO | |
| Término temático o nombre geográfico como elemento de entrada | Recursos forestales |
| Subdivisión general | patología |
| 9 (RLIN) | 65594 |
| 650 26 - ASIENTO SECUNDARIO DE MATERIA - TERMINO TEMATICO | |
| Término temático o nombre geográfico como elemento de entrada | Recursos forestales |
| Subdivisión general | control de enfermedades |
| 9 (RLIN) | 65595 |
| 942 ## - ELEMENTOS ADICIONALES (KOHA) | |
| Tipo de ítem | Libro |
| Sistema de clasificación | Dewey Decimal Classification |
| Withdrawn status | Lost status | Sistema de Clasificación | Damaged status | No para préstamo | Colección | Inventariado | Ubicación Permanente | Ubicación actual | Fecha de adquisición | Fuente de Valor | Valor | Total Checkouts | Número topográfico | Inventario / Código de Barras | Date last seen | Ejemplar | Price effective from | Forma de adquisición | Tipo de material |
|---|---|---|---|---|---|---|---|---|---|---|---|---|---|---|---|---|---|---|---|
| Dewey Decimal Classification | General | Inventariado 2017 | Bogotá | Bogotá | 16/01/2008 | Instituto | 39000.00 | LB-634.96 R17m | 025662 | 04/12/2012 | Ej. 1 | 04/12/2012 | Institucional | Libro | |||||
| Dewey Decimal Classification | General | Inventariado 2017 | Sala Fabio Quevedo | Sala Fabio Quevedo | 07/08/1998 | Instituto | 39000.00 | LB-634.96 R17m | 000974 | 04/12/2012 | Ej. 2 | 04/12/2012 | Institucional | Libro |